| 000 | 00987nam a2200277 4500 | ||
|---|---|---|---|
| 001 | 0000013844 | ||
| 003 | CO-CtgCURN | ||
| 005 | 20250429223955.0 | ||
| 007 | ta | ||
| 008 | 160627s1995 000 0 eng d | ||
| 040 |
_aCO-CtgCURN _bspa _ccoctgcurn |
||
| 082 | 0 |
_a346.861 _bC65co |
|
| 110 | 2 | _aColombia. Leyes, decretos, etc. | |
| 245 | 1 | 0 |
_aCódigo Civil / _cColombia. |
| 260 |
_a[s. l.], _c1995. |
||
| 300 | _a809 p. | ||
| 336 | _2rdacontent | ||
| 337 |
_2rdamedia _asin mediacion _bn |
||
| 338 |
_2rdacarrier _avolumen _bnc |
||
| 505 | 8 | _aDe las personas.--De los bienes y de su dominio.--De la sucesion por causa de muerte y de las donaciones entre vivos.--De las obligaciones en general y de los contratos | |
| 650 | 1 | 4 |
_aDerecho civil _vLegislacion _zColombia. |
| 908 | _a160627 | ||
| 942 |
_cBK _h346.861 _iC65co _2ddc |
||
| 999 |
_c33913 _d33913 |
||